[Event "La Pobla de Lillet op"]
[Site "La Pobla de Lillet ESP"]
[Date "2010.08.08"]
[Round "7.5"]
[White "Pogorelov, R.."]
[Black "Capellades Subirana, M.."]
[Result "1-0"]
[WhiteElo "2424"]
[BlackElo "2268"]
[PlyCount "87"]
[EventDate "2010.08.02"]
[EventType "swiss"]
[EventRounds "9"]
[EventCountry "ESP"]
[SourceTitle "Ajedrez en Madrid"]
[Source "lmi"]
[SourceDate "2020.06.24"]
[SourceVersion "1"]
[SourceVersionDate "2020.06.25"]
[SourceQuality "1"]

1. Nf3 Nf6 2. c4 e6 3. Nc3 d5 4. d4 Bb4 5. cxd5 exd5 6. Qa4+ Nc6 7. Bg5 Qd6 8.
Bxf6 Qxf6 9. e3 O-O 10. Be2 Bd7 11. Qb3 Qd6 12. O-O Bxc3 13. Qxc3 Rae8 14. Rfc1
Bg4 15. h3 Bh5 16. Qc5 Qd8 17. b4 a6 18. b5 axb5 19. Qxb5 Re6 20. Qxb7 Qd6 21.
Bb5 Bxf3 22. Rxc6 Qe7 23. gxf3 Qg5+ 24. Kf1 Qh5 25. Ke2 Qxh3 26. Qxc7 Ree8 27.
Rg1 g6 28. Qg3 Qh6 29. a4 Ra8 30. Rgc1 Rfb8 31. Qf4 Qf8 32. Qf6 Qb4 33. Rc7 Rf8
34. Kf1 Rad8 35. Rxf7 Rxf7 36. Qxd8+ Kg7 37. Rc7 Qb1+ 38. Kg2 Rxc7 39. Qxc7+
Kh6 40. Qh2+ Kg7 41. Qe5+ Kh6 42. Qxd5 g5 43. Qe6+ Kg7 44. Qe7+ 1-0

[Event "La Pobla de Lillet op"]
[Site "La Pobla de Lillet ESP"]
[Date "2010.08.08"]
[Round "7.6"]
[White "Garcia Galeote, L.."]
[Black "Huerga Leache, M.."]
[Result "1/2-1/2"]
[WhiteElo "2058"]
[BlackElo "2424"]
[PlyCount "60"]
[EventDate "2010.08.02"]
[EventType "swiss"]
[EventRounds "9"]
[EventCountry "ESP"]
[SourceTitle "Ajedrez en Madrid"]
[Source "lmi"]
[SourceDate "2020.06.24"]
[SourceVersion "1"]
[SourceVersionDate "2020.06.25"]
[SourceQuality "1"]

1. Nf3 Nf6 2. g3 d5 3. Bg2 Bg4 4. h3 Bh5 5. c4 dxc4 6. Qa4+ c6 7. Qxc4 Nbd7 8.
d4 Nb6 9. Qb3 Bxf3 10. Bxf3 Qxd4 11. Be3 Qc4 12. Nc3 Nfd7 13. Qc2 Nd5 14. Bd2
e6 15. b3 Qc5 16. a3 Be7 17. b4 Qc4 18. Rc1 Nxc3 19. Bxc3 Bf6 20. Qb2 Bxc3+ 21.
Rxc3 Qb5 22. O-O O-O 23. Qc2 Rfd8 24. a4 Qe5 25. b5 cxb5 26. axb5 Rab8 27. Rc7
Nb6 28. Bxb7 Qxb5 29. Be4 Qh5 30. Rxa7 Nd5 1/2-1/2

[Event "La Pobla de Lillet op"]
[Site "La Pobla de Lillet ESP"]
[Date "2010.08.09"]
[Round "8.1"]
[White "Rakhmanov, A.."]
[Black "Pogorelov, R.."]
[Result "1/2-1/2"]
[WhiteElo "2590"]
[BlackElo "2424"]
[PlyCount "87"]
[EventDate "2010.08.02"]
[EventType "swiss"]
[EventRounds "9"]
[EventCountry "ESP"]
[SourceTitle "Ajedrez en Madrid"]
[Source "lmi"]
[SourceDate "2020.06.24"]
[SourceVersion "1"]
[SourceVersionDate "2020.06.25"]
[SourceQuality "1"]

1. d4 Nf6 2. c4 e6 3. Nc3 Bb4 4. e3 O-O 5. Bd3 c5 6. Nge2 d5 7. O-O cxd4 8.
exd4 dxc4 9. Bxc4 Nbd7 10. Qd3 Nb6 11. Bb3 Bd7 12. Qg3 Re8 13. Bh6 g6 14. Nf4
Bc6 15. Bg5 Be7 16. Rfe1 Bd5 17. Bc2 Bc4 18. h4 Nfd5 19. Bxe7 Qxe7 20. Ncxd5
Nxd5 21. b3 Nxf4 22. bxc4 Nh5 23. Qg4 Rad8 24. Ba4 Rf8 25. Rad1 Qb4 26. Bb3 Ng7
27. Re5 Qe7 28. h5 Nf5 29. Bc2 Qf6 30. Bxf5 exf5 31. Qe2 Kg7 32. d5 b6 33. Qe3
f4 34. Qe4 Rd7 35. Rd4 Rc8 36. Qxf4 Qxf4 37. Rxf4 Rc5 38. Rh4 b5 39. cxb5 Rxb5
40. h6+ Kf6 41. Re8 Rbxd5 42. Rh8 Kg5 43. g3 f6 44. a4 1/2-1/2

[Event "La Pobla de Lillet op"]
[Site "La Pobla de Lillet ESP"]
[Date "2010.08.09"]
[Round "8.2"]
[White "Movsziszian, K.."]
[Black "Velicka, P.."]
[Result "1/2-1/2"]
[WhiteElo "2490"]
[BlackElo "2483"]
[PlyCount "28"]
[EventDate "2010.08.02"]
[EventType "swiss"]
[EventRounds "9"]
[EventCountry "ESP"]
[SourceTitle "Ajedrez en Madrid"]
[Source "lmi"]
[SourceDate "2020.06.24"]
[SourceVersion "1"]
[SourceVersionDate "2020.06.25"]
[SourceQuality "1"]

1. g3 d5 2. Bg2 Nf6 3. d3 e5 4. Nf3 Nc6 5. O-O Be7 6. c3 a5 7. Nbd2 O-O 8. e4
dxe4 9. dxe4 Bc5 10. a3 h6 11. Qe2 b6 12. Rd1 Ba6 13. Qe1 Qe7 14. Nb3 Rfd8
1/2-1/2

[Event "La Pobla de Lillet op"]
[Site "La Pobla de Lillet ESP"]
[Date "2010.08.09"]
[Round "8.3"]
[White "Alcaide Luque, A.."]
[Black "Mirzoev, A.."]
[Result "0-1"]
[WhiteElo "2182"]
[BlackElo "2541"]
[PlyCount "112"]
[EventDate "2010.08.02"]
[EventType "swiss"]
[EventRounds "9"]
[EventCountry "ESP"]
[SourceTitle "Ajedrez en Madrid"]
[Source "lmi"]
[SourceDate "2020.06.24"]
[SourceVersion "1"]
[SourceVersionDate "2020.06.25"]
[SourceQuality "1"]

1. d4 Nf6 2. Bg5 c5 3. d5 Qb6 4. Nc3 Qxb2 5. Bd2 Qb6 6. e4 e5 7. f4 d6 8. f5 a6
9. g4 g6 10. Qf3 Nbd7 11. a4 Be7 12. Nge2 gxf5 13. exf5 e4 14. Nxe4 Ne5 15.
Nxf6+ Bxf6 16. Qe4 h6 17. Nc3 Bd7 18. Rb1 Qc7 19. Qe2 O-O-O 20. Ne4 Bh4+ 21.
Kd1 Bxa4 22. Qg2 Rhg8 23. Be2 Bg5 24. Bc3 b5 25. h4 Be3 26. Qh3 Bd4 27. Bd2 Qb7
28. Nf6 Rh8 29. g5 hxg5 30. Bxg5 Kb8 31. Kd2 b4 32. Qf1 Bb5 33. c4 Ba4 34. Rh3
b3 35. Bd3 Ka7 36. Ke2 Rb8 37. Ne4 Qc7 38. Qd1 Rhe8 39. h5 Nxc4 40. Bxc4 Rxe4+
41. Kd3 Rbe8 42. h6 Bh8 43. Rh4 R4e5 44. Qf3 Qd7 45. Rf4 Re1 46. Rxe1 Rxe1 47.
Re4 Rxe4 48. Qxe4 b2 49. Ke3 Be5 50. h7 Qb7 51. Ba2 Bb3 52. Bb1 Bxd5 53. Qxe5
dxe5 54. h8=Q Qb3+ 55. Kd2 Qb4+ 56. Ke3 Qe1+ 0-1

[Event "La Pobla de Lillet op"]
[Site "La Pobla de Lillet ESP"]
[Date "2010.08.09"]
[Round "8.4"]
[White "Garcia Castellote, O.."]
[Black "Martinez Duany, LS.."]
[Result "0-1"]
[WhiteElo "2003"]
[BlackElo "2510"]
[PlyCount "52"]
[EventDate "2010.08.02"]
[EventType "swiss"]
[EventRounds "9"]
[EventCountry "ESP"]
[SourceTitle "Ajedrez en Madrid"]
[Source "lmi"]
[SourceDate "2020.06.24"]
[SourceVersion "1"]
[SourceVersionDate "2020.06.25"]
[SourceQuality "1"]

1. e4 c5 2. Nc3 Nc6 3. g3 h5 4. h4 d6 5. Bg2 g6 6. d3 Bg7 7. Nge2 Nf6 8. O-O
Rb8 9. a4 O-O 10. Bg5 Bd7 11. Qd2 Kh7 12. Nf4 Ng4 13. Nfd5 f6 14. Bf4 Nd4 15.
Kh1 Ne5 16. Ne2 Ndf3 17. Qe3 Nh2 18. Rfe1 Nhg4 19. Qd2 Nxf2+ 20. Kg1 Nh3+ 21.
Kh2 Nxf4 22. Nexf4 Ng4+ 23. Kh1 Bh6 24. Qe2 a6 25. Nc3 Bxf4 26. gxf4 f5 0-1

[Event "La Pobla de Lillet op"]
[Site "La Pobla de Lillet ESP"]
[Date "2010.08.09"]
[Round "8.5"]
[White "Panelo Muñoz, MA.."]
[Black "Rios Parra, A.."]
[Result "1-0"]
[WhiteElo "2450"]
[BlackElo "2308"]
[PlyCount "75"]
[EventDate "2010.08.02"]
[EventType "swiss"]
[EventRounds "9"]
[EventCountry "ESP"]
[SourceTitle "Ajedrez en Madrid"]
[Source "lmi"]
[SourceDate "2020.06.24"]
[SourceVersion "1"]
[SourceVersionDate "2020.06.25"]
[SourceQuality "1"]

1. d4 Nf6 2. c4 e6 3. Nc3 Bb4 4. e3 c5 5. Bd3 O-O 6. a3 Bxc3+ 7. bxc3 d5 8.
cxd5 exd5 9. f3 b6 10. Ne2 Ba6 11. O-O Re8 12. Ng3 Bxd3 13. Qxd3 Nc6 14. Ra2
Rc8 15. Re2 Rc7 16. Bb2 cxd4 17. cxd4 Rd7 18. Rc2 Na5 19. e4 Rc7 20. Re2 Nc4
21. Bc1 b5 22. Bg5 h6 23. Bf4 Rc6 24. Rfe1 Ra6 25. Bc1 Qa5 26. e5 Nh7 27. f4 b4
28. axb4 Qxb4 29. f5 Ra2 30. f6 Nxf6 31. Rf1 Rxe2 32. Qxe2 Ne4 33. Qf3 Qb7 34.
Nf5 Re6 35. Qg4 Rg6 36. Qh4 Ng5 37. Bxg5 Rxg5 38. Qf4 1-0

[Event "La Pobla de Lillet op"]
[Site "La Pobla de Lillet ESP"]
[Date "2010.08.09"]
[Round "8.8"]
[White "Linares Napoles, O.."]
[Black "Garcia Galeote, L.."]
[Result "1/2-1/2"]
[WhiteElo "2331"]
[BlackElo "2058"]
[PlyCount "140"]
[EventDate "2010.08.02"]
[EventType "swiss"]
[EventRounds "9"]
[EventCountry "ESP"]
[SourceTitle "Ajedrez en Madrid"]
[Source "lmi"]
[SourceDate "2020.06.24"]
[SourceVersion "1"]
[SourceVersionDate "2020.06.25"]
[SourceQuality "1"]

1. e4 g6 2. d4 Bg7 3. Nc3 d6 4. Nf3 a6 5. a4 b6 6. Bc4 e6 7. O-O Ne7 8. Re1 O-O
9. Bf1 Bb7 10. Bf4 h6 11. h4 Nd7 12. Qd2 Kh7 13. Rad1 Nf6 14. Qe2 Nd7 15. Qd3
Kh8 16. Qe3 Ng8 17. e5 Bxf3 18. Qxf3 d5 19. g3 c5 20. Ne2 cxd4 21. Nxd4 Qc7 22.
b3 Ra7 23. Qe3 Kh7 24. c4 Ne7 25. Rc1 Qb8 26. Bg2 dxc4 27. Rxc4 Rc8 28. Nc6
Nxc6 29. Bxc6 Nc5 30. Bg2 a5 31. Rd4 Rd8 32. Rd6 Bf8 33. Rxd8 Qxd8 34. Bf1 Rd7
35. Bb5 Rd4 36. Rc1 Rd1+ 37. Kh2 Rxc1 38. Qxc1 Nxb3 39. Qb1 Qd5 40. Bd3 Nc5 41.
Bc2 Nd7 42. h5 Nxe5 43. Bxe5 Qxe5 44. hxg6+ fxg6 45. Bxg6+ Kg7 46. Be8 Qf5 47.
Qb2+ Kg8 48. Bc6 Bc5 49. Kg2 Kf7 50. Qd2 Qf6 51. Qd7+ Qe7 52. Qd3 Qf6 53. Bf3
Kg7 54. Qd7+ Qf7 55. Qd2 Qf6 56. Qe2 Bd4 57. Bg4 Qe5 58. Qxe5+ Bxe5 59. Bxe6
Kf6 60. Bd7 Kg7 61. Kh3 Bd4 62. f3 Bc3 63. Kg4 Bd4 64. Be8 Bc3 65. Kf5 Be1 66.
g4 Bc3 67. f4 Bb2 68. Ke6 Bc1 69. f5 Bb2 70. Bb5 Bc3 1/2-1/2

[Event "La Pobla de Lillet op"]
[Site "La Pobla de Lillet ESP"]
[Date "2010.08.09"]
[Round "8.9"]
[White "Capellades Subirana, M.."]
[Black "Fernandez Soriano, R.."]
[Result "1-0"]
[WhiteElo "2268"]
[BlackElo "2074"]
[PlyCount "143"]
[EventDate "2010.08.02"]
[EventType "swiss"]
[EventRounds "9"]
[EventCountry "ESP"]
[SourceTitle "Ajedrez en Madrid"]
[Source "lmi"]
[SourceDate "2020.06.24"]
[SourceVersion "1"]
[SourceVersionDate "2020.06.25"]
[SourceQuality "1"]

1. e4 d5 2. exd5 Nf6 3. Nc3 Nxd5 4. Bc4 c6 5. Nf3 Bf5 6. O-O e6 7. Re1 Be7 8.
Ne2 Nd7 9. Ng3 Bg6 10. d4 O-O 11. c3 Re8 12. Bd2 Rc8 13. Qe2 h6 14. h3 Qc7 15.
Bb3 b5 16. a3 Qb6 17. Nf1 Bf6 18. Bxd5 exd5 19. Qxe8+ Rxe8 20. Rxe8+ Kh7 21.
Ng3 c5 22. Rc1 Qc6 23. Rce1 Bd3 24. R8e3 c4 25. Re8 g6 26. Bf4 a5 27. R8e3 b4
28. axb4 axb4 29. Re8 bxc3 30. bxc3 g5 31. Bd2 Bg6 32. Ra1 Nc5 33. Rea8 Ne6 34.
Rb8 Qc7 35. Rb5 Qc6 36. Rba5 Qb7 37. Nf1 Be4 38. N3h2 Kg6 39. Ng4 Bg7 40. Nge3
Nf4 41. Ng3 Bd3 42. Ra6+ Ne6 43. Ngf1 Bxf1 44. Nxf1 Qb2 45. R1a2 Qb1 46. R2a5
Qe4 47. Ne3 Qb1+ 48. Kh2 Qd3 49. Be1 Qe2 50. Ra1 Kh7 51. Nf5 Qe4 52. Ng3 Qd3
53. Ra7 Kg8 54. Re7 Nf4 55. Ra8+ Kh7 56. Rxf7 Kg6 57. Raa7 Bf6 58. Rf8 Ne6 59.
Re8 Ng7 60. Re3 Qd1 61. Ra6 h5 62. Rf3 Qxe1 63. Rfxf6+ Kh7 64. Rh6+ Kg8 65.
Ra8+ Kf7 66. Ra7+ Kg8 67. Rg6 h4 68. Rgxg7+ Kf8 69. Rgf7+ Kg8 70. Rfe7 hxg3+
71. fxg3 Qh1+ 72. Kxh1 1-0

[Event "La Pobla de Lillet op"]
[Site "La Pobla de Lillet ESP"]
[Date "2010.08.10"]
[Round "9.1"]
[White "Mirzoev, A.."]
[Black "Rakhmanov, A.."]
[Result "1/2-1/2"]
[WhiteElo "2541"]
[BlackElo "2590"]
[PlyCount "53"]
[EventDate "2010.08.02"]
[EventType "swiss"]
[EventRounds "9"]
[EventCountry "ESP"]
[SourceTitle "Ajedrez en Madrid"]
[Source "lmi"]
[SourceDate "2020.06.24"]
[SourceVersion "1"]
[SourceVersionDate "2020.06.25"]
[SourceQuality "1"]

1. Nf3 Nf6 2. c4 g6 3. Nc3 d5 4. cxd5 Nxd5 5. Qa4+ Bd7 6. Qh4 Nxc3 7. dxc3 Nc6
8. Bf4 f6 9. Bh6 e5 10. Bxf8 Kxf8 11. Qh6+ Kf7 12. e4 Be6 13. Nd2 Qf8 14. Qe3
Kg7 15. Bb5 Na5 16. O-O a6 17. Be2 Nc6 18. Bc4 Qf7 19. Qe2 Rhd8 20. Bxe6 Qxe6
21. Nc4 Rd7 22. Rfd1 Rad8 23. Rxd7+ Rxd7 24. Ne3 Ne7 25. b3 Qc6 26. Rd1 Rxd1+
27. Nxd1 1/2-1/2

[Event "La Pobla de Lillet op"]
[Site "La Pobla de Lillet ESP"]
[Date "2010.08.10"]
[Round "9.2"]
[White "Velicka, P.."]
[Black "Panelo Muñoz, MA.."]
[Result "1/2-1/2"]
[WhiteElo "2483"]
[BlackElo "2450"]
[PlyCount "25"]
[EventDate "2010.08.02"]
[EventType "swiss"]
[EventRounds "9"]
[EventCountry "ESP"]
[SourceTitle "Ajedrez en Madrid"]
[Source "lmi"]
[SourceDate "2020.06.24"]
[SourceVersion "1"]
[SourceVersionDate "2020.06.25"]
[SourceQuality "1"]

1. e4 c5 2. Nf3 d6 3. Bb5+ Bd7 4. Bxd7+ Qxd7 5. c4 Nf6 6. Nc3 g6 7. d4 cxd4 8.
Nxd4 Bg7 9. f3 O-O 10. Be3 Nc6 11. O-O Rac8 12. b3 e6 13. Re1 1/2-1/2

[Event "La Pobla de Lillet op"]
[Site "La Pobla de Lillet ESP"]
[Date "2010.08.10"]
[Round "9.3"]
[White "Martinez Duany, LS.."]
[Black "Granero Roca, A.."]
[Result "1-0"]
[WhiteElo "2510"]
[BlackElo "2429"]
[PlyCount "95"]
[EventDate "2010.08.02"]
[EventType "swiss"]
[EventRounds "9"]
[EventCountry "ESP"]
[SourceTitle "Ajedrez en Madrid"]
[Source "lmi"]
[SourceDate "2020.06.24"]
[SourceVersion "1"]
[SourceVersionDate "2020.06.25"]
[SourceQuality "1"]

1. Nf3 Nf6 2. c4 g6 3. Nc3 c5 4. d4 cxd4 5. Nxd4 d6 6. e4 Nc6 7. Be2 Nxd4 8.
Qxd4 Bg7 9. Be3 O-O 10. Qd2 a5 11. Rc1 a4 12. f3 Qa5 13. Nb5 Qxd2+ 14. Kxd2 Bd7
15. Rc2 Bc6 16. Rb1 Nd7 17. Nc7 Rac8 18. Nd5 Rfe8 19. b4 axb3 20. axb3 h5 21.
b4 e6 22. Nc3 b6 23. Rb3 Be5 24. Ra3 Ra8 25. Rca2 Bxh2 26. Ra7 Be5 27. Bd1 Kf8
28. Bb3 Rxa7 29. Rxa7 Ra8 30. Rc7 d5 31. Rxc6 d4 32. Bh6+ Ke7 33. Na4 f6 34. f4
Rh8 35. fxe5 Nxe5 36. Rxb6 Rxh6 37. c5 g5 38. Rxe6+ Kd8 39. Nb6 h4 40. Ba4 h3
41. Nd5 Kc8 42. c6 Nc4+ 43. Kd3 Nb2+ 44. Kxd4 Rh8 45. Nb6+ Kc7 46. Re7+ Kd6 47.
Rd7+ Ke6 48. Bb3+ 1-0

[Event "La Pobla de Lillet op"]
[Site "La Pobla de Lillet ESP"]
[Date "2010.08.10"]
[Round "9.4"]
[White "Pogorelov, R.."]
[Black "Huerga Leache, M.."]
[Result "0-1"]
[WhiteElo "2424"]
[BlackElo "2424"]
[PlyCount "142"]
[EventDate "2010.08.02"]
[EventType "swiss"]
[EventRounds "9"]
[EventCountry "ESP"]
[SourceTitle "Ajedrez en Madrid"]
[Source "lmi"]
[SourceDate "2020.06.24"]
[SourceVersion "1"]
[SourceVersionDate "2020.06.25"]
[SourceQuality "1"]

1. Nf3 d5 2. c4 c6 3. e3 Nf6 4. Nc3 a6 5. Qc2 Bg4 6. Ne5 Be6 7. d4 Nbd7 8. Nxd7
Qxd7 9. Na4 Qd8 10. c5 g6 11. Bd3 Bg7 12. b4 O-O 13. O-O Qc7 14. h3 Rae8 15.
Bd2 Bc8 16. f4 Nh5 17. Nb6 Ng3 18. Rf3 Nf5 19. Bc3 Nh4 20. Rf2 Bf5 21. a4 f6
22. e4 dxe4 23. Bxe4 Rd8 24. Bxf5 Nxf5 25. Qe4 Rf7 26. Rd1 Bf8 27. d5 cxd5 28.
Nxd5 Qc6 29. Rfd2 Re8 30. a5 Bg7 31. Qe2 e5 32. fxe5 fxe5 33. Qc4 Qe6 34. Nb6
Qc6 35. Re2 e4 36. Bxg7 Kxg7 37. Qd5 Qf6 38. Nd7 Qc3 39. Qd2 Qxd2 40. Rexd2 Ng3
41. Re1 Rd8 42. c6 bxc6 43. Rd6 Rdxd7 44. Rxc6 Rf6 45. Rxf6 Kxf6 46. Kf2 Nf5
47. Rxe4 Rd4 48. Re8 Rxb4 49. Ra8 Rb2+ 50. Kf3 Nh4+ 51. Ke4 Nxg2 52. Rxa6+ Kg5
53. Rb6 Ra2 54. a6 Ra5 55. Kd4 Kh4 56. Kc4 Kxh3 57. Kb4 Ra1 58. Kb5 Nf4 59. Kc6
h5 60. Kb7 h4 61. a7 Rxa7+ 62. Kxa7 Kg4 63. Rb1 h3 64. Kb6 h2 65. Kc6 Ne2 66.
Rh1 Kh3 67. Kd5 g5 68. Ke5 g4 69. Ra1 Ng1 70. Ra8 Kg3 71. Rh8 Nh3 0-1

[Event "La Pobla de Lillet op"]
[Site "La Pobla de Lillet ESP"]
[Date "2010.08.10"]
[Round "9.5"]
[White "Capellades Subirana, M.."]
[Black "Movsziszian, K.."]
[Result "0-1"]
[WhiteElo "2268"]
[BlackElo "2490"]
[PlyCount "72"]
[EventDate "2010.08.02"]
[EventType "swiss"]
[EventRounds "9"]
[EventCountry "ESP"]
[SourceTitle "Ajedrez en Madrid"]
[Source "lmi"]
[SourceDate "2020.06.24"]
[SourceVersion "1"]
[SourceVersionDate "2020.06.25"]
[SourceQuality "1"]

1. e4 d6 2. d4 g6 3. Be3 Bg7 4. c3 Nf6 5. Bd3 O-O 6. f3 e5 7. d5 c6 8. c4 cxd5
9. cxd5 Ne8 10. Na3 a6 11. Qd2 Nd7 12. Ne2 f5 13. O-O f4 14. Bf2 h5 15. Nc4 g5
16. Qb4 g4 17. Kh1 Qg5 18. Rac1 Rf6 19. Qe1 Rg6 20. Bh4 Qh6 21. Nc3 b5 22. Na5
Bf6 23. Nc6 Qg7 24. Ne2 Nc5 25. Bc2 gxf3 26. gxf3 Bh3 27. Rg1 Rxg1+ 28. Qxg1
Bxh4 29. b4 Nb7 30. a4 Qxg1+ 31. Rxg1+ Kf7 32. Nc3 Nc7 33. Bd3 Bf2 34. Rg5 Kf6
35. Rxh5 Rg8 36. Rh6+ Kf7 0-1

[Event "La Pobla de Lillet op"]
[Site "La Pobla de Lillet ESP"]
[Date "2010.08.10"]
[Round "9.11"]
[White "Garcia Galeote, L.."]
[Black "Plasencia Martinez, V.."]
[Result "0-1"]
[WhiteElo "2058"]
[BlackElo "2156"]
[PlyCount "74"]
[EventDate "2010.08.02"]
[EventType "swiss"]
[EventRounds "9"]
[EventCountry "ESP"]
[SourceTitle "Ajedrez en Madrid"]
[Source "lmi"]
[SourceDate "2020.06.24"]
[SourceVersion "1"]
[SourceVersionDate "2020.06.25"]
[SourceQuality "1"]

1. Nf3 g6 2. g3 Bg7 3. Bg2 d6 4. O-O Nf6 5. d3 O-O 6. e4 c5 7. Nc3 Nc6 8. h3
Rb8 9. Be3 h6 10. Qd2 Kh7 11. e5 dxe5 12. Bxc5 b6 13. Be3 Bb7 14. Rad1 e6 15.
Qc1 Nd5 16. Nxd5 exd5 17. d4 e4 18. Ne1 Ba6 19. b3 Bxf1 20. Kxf1 Rc8 21. Qb2 f5
22. h4 Rf7 23. f4 Rfc7 24. Bh3 h5 25. Rd2 Na5 26. Kf2 Bf6 27. Bf1 Be7 28. Ba6
Rb8 29. a4 Bb4 30. Re2 Bc3 31. Qb1 Nc6 32. Bb5 Bxd4 33. Ng2 Bc3 34. Bd2 Nb4 35.
Bxc3 Rxc3 36. Rd2 Qd6 37. Ne3 Qc5 0-1